| Tag |
First Indicator |
Second Indicator |
Subfields |
| LEADER |
00000cam a2200000ua 4500 |
| 001 |
in00001508613 |
| 005 |
20151021100133.0 |
| 008 |
990604s1998 be ab b 000 0 eng d |
| 020 |
|
|
|a 9042906626
|
| 035 |
|
|
|a (OCoLC)42000780
|
| 035 |
|
|
|9 AJK8579AM
|
| 040 |
|
|
|a CUY
|c CUY
|d TXA
|d UtOrBLW
|
| 043 |
|
|
|a a-ts---
|
| 049 |
|
|
|a TXAM
|
| 050 |
|
4 |
|a NK5107
|b .W48 1998
|
| 100 |
1 |
|
|a Whitehouse, David,
|d 1941-2013.
|
| 245 |
1 |
4 |
|a The glass vessels /
|c by David Whitehouse ; with an appendix by Robert H. Brill ; illustrations, Erik Smekens ; preface, Ernie Haerinck, ed.
|
| 264 |
|
1 |
|a Leuven :
|b Peeters,
|c 1998.
|
| 300 |
|
|
|a x, 89, 12, 15 pages :
|b illustrations (some color), maps ;
|c 28 cm.
|
| 336 |
|
|
|a text
|b txt
|2 rdacontent
|
| 337 |
|
|
|a unmediated
|b n
|2 rdamedia
|
| 338 |
|
|
|a volume
|b nc
|2 rdacarrier
|
| 490 |
1 |
|
|a Excavations at ed-Dur (Umm al-Qaiwain, United Arab Emirates) / University of Ghent, South-East Arabian Archaeological Project ;
|v vol. 1
|
| 504 |
|
|
|a Includes bibliographical references (pages [77]-89).
|
| 650 |
|
0 |
|a Glassware, Ancient
|z United Arab Emirates
|z Umm al-Qaywayn (Emirate)
|v Catalogs.
|
| 650 |
|
0 |
|a Excavations (Archaeology)
|z United Arab Emirates
|z Umm al-Qaywayn (Emirate)
|v Catalogs.
|
| 651 |
|
0 |
|a Dur Site (Umm al-Qaywayn, United Arab Emirates)
|v Catalogs.
|
| 651 |
|
0 |
|a Umm al-Qaywayn (United Arab Emirates : Emirate)
|x Antiquities
|v Catalogs.
|
| 700 |
1 |
|
|a Brill, Robert H.
|
| 700 |
1 |
|
|a Haerinck, E.
|
| 710 |
2 |
|
|a South-East Arabian Archaeological Project (Rijksuniversiteit te Gent)
|
| 830 |
|
0 |
|a Excavations at ed-Dur ;
|v vol. 1.
|
| 948 |
|
|
|a c:pk
|
| 999 |
|
|
|a MARS
|
| 999 |
f |
f |
|s 7a5b4a0e-6126-3bc9-9388-8fb089e96386
|i 1ca78a19-7426-3b99-9a00-fac9b3ca6fc7
|t 0
|
| 952 |
f |
f |
|p normal
|a Texas A&M University
|b College Station
|c Sterling C. Evans Library
|d Evans: Library Stacks
|t 0
|e NK5107 .W48 1998
|h Library of Congress classification
|i unmediated -- volume
|m A14825268002
|
| 998 |
f |
f |
|a NK5107 .W48 1998
|t 0
|l Evans: Library Stacks
|